Normal view
MARC view
Entry Personal Name
001 - CONTROL NUMBER
- control field: 27939
003 - CONTROL NUMBER IDENTIFIER
- control field: AUA.1
005 - DATE AND TIME OF LATEST TRANSACTION
- control field: 20121025130231.0
008 - FIXED-LENGTH DATA ELEMENTS
- fixed length control field: 121025|||a|||||| | ||| d
040 ## - CATALOGING SOURCE
- Original cataloging agency: AUA.1
- Transcribing agency: AUA.1
100 ## - HEADING--PERSONAL NAME
- Personal name: Kra Emmanuel K.
670 ## - SOURCE DATA FOUND
- Source citation: Work cat.: (AUA.1): Kra Emmanuel K., The Attraction of the Seventh-Day adventist Members to Penticostal Charismatic Moventnts in abijan, Cote D'Ivoire